Technique microbiologique et sérothérapique (microbes pathogèneś de l'homme et des animaux) guide du médicin et du vétérinaire pour les travaux du laboratoire. (Registro nro. 4797)

Detalles MARC
000 -CABECERA
campo de control de longitud fija 00772nam a22002297 4500
001 - NÚMERO DE CONTROL
campo de control 10060235
003 - IDENTIFICADOR DEL NÚMERO DE CONTROL
campo de control AR-RoIUNI
005 - FECHA Y HORA DE LA ÚLTIMA TRANSACCIÓN
campo de control 20190621153949.0
008 - DATOS DE LONGITUD FIJA--INFORMACIÓN GENERAL
campo de control de longitud fija 910730s1902 fr 000 0 fre
010 ## - NÚMERO DE CONTROL DE LA BIBLIOTECA DEL CONGRESO
Número de control de LC ltf91080833
040 ## - FUENTE DE LA CATALOGACIÓN
Centro catalogador/agencia de origen DLC
Centro/agencia transcriptor AR-RoIUNI
Centro/agencia modificador DLC
080 ## - NÚMERO DE LA CLASIFICACIÓN DECIMAL UNIVERSAL
Número de la Clasificación Decimal Universal 576 BES
100 1# - ENTRADA PRINCIPAL--NOMBRE DE PERSONA
Nombre de persona Besson, Albert,
Fechas asociadas al nombre 1868- [from old catalog]
245 00 - MENCIÓN DE TÍTULO
Título Technique microbiologique et sérothérapique (microbes pathogèneś de l'homme et des animaux) guide du médicin et du vétérinaire pour les travaux du laboratoire.
250 ## - MENCIÓN DE EDICIÓN
Mención de edición 2. éd., rev., corr. et augm.
260 ## - PUBLICACIÓN, DISTRIBUCIÓN, ETC. (PIE DE IMPRENTA)
Lugar de publicación, distribución, etc. Paris,
Nombre del editor, distribuidor, etc. Librairie J.-B. Baillière,
Fecha de publicación, distribución, etc. 1902.
300 ## - DESCRIPCIÓN FÍSICA
Extensión 686 p.
650 10 - PUNTO DE ACCESO ADICIONAL DE MATERIA--TÉRMINO DE MATERIA
9 (RLIN) 143
Término de materia o nombre geográfico como elemento inicial Microbiología
906 ## - ELEMENTOS DE DATOS F LOCAL, LDF (RLIN)
a 0
b cbc
c premunv
d u
e ncip
f 19
g y-gencatlg
942 ## - ELEMENTOS DE PUNTO DE ACCESO ADICIONAL (KOHA)
Fuente del sistema de clasificación o colocación Clasificación Decimal Universal
Tipo de ítem Koha Libros
Existencias
Estado de retiro Estado de pérdida Fuente del sistema de clasificación o colocación Estado dañado Restricciones de uso Excepción de préstamo Código de colección Localización permanente Ubicación/localización actual Ubicación en estantería Fecha de adquisición Número de inventario Total de préstamos Signatura topográfica completa Código de barras Fecha visto por última vez Precio válido a partir de Tipo de ítem Koha
    Clasificación Decimal Universal   Consulta en biblioteca   Colección Libros Antiguos BIBLIOTECA CENTRAL BIBLIOTECA CENTRAL BIBLIOTECA CENTRAL 21/06/2019 6181   576 BES 6181c 21/06/2019 21/06/2019 Libros